[Event "Parma Province-ch"]
[Site "Salsomaggiore Terme"]
[Date "2016.03.20"]
[Round "4"]
[White "Magri, Leonardo"]
[Black "Plucani, Germano"]
[Result "1-0"]
[WhiteElo "1733"]
[BlackElo "1414"]
[PlyCount "65"]
[EventDate "2016.03.18"]
[EventType "swiss"]
[EventRounds "5"]
[EventCountry "ITA"]
[SourceTitle "EXT 2018"]
[Source "ChessBase"]
[SourceDate "2017.10.13"]
[SourceVersion "1"]
[SourceVersionDate "2017.10.13"]
[SourceQuality "1"]

1. c4 Nf6 2. g3 g6 3. Bg2 Bg7 4. Nc3 d6 5. Nf3 0-0 6. 0-0 e5 7. d3 Nc6 8. Rb1 a5 9. a3 Nh5 10. Nd5 Ne7 11. Nxe7+ Qxe7 12. Qc2 f5 13. b4 axb4 14. axb4 f4 15. Bb2 Bd7 16. b5 fxg3 17. fxg3 Nf6 18. Nd2 c6 19. bxc6 Bxc6 20. Ra1 Rxa1 21. Rxa1 Ng4 22. Bxc6 bxc6 23. Nf1 Qf6 24. e4 Bh6 25. Qe2 Qf2+ 26. Qxf2 Rxf2 27. Ba3 Rf6 28. Ra2 Ne3 29. Nxe3 Bxe3+ 30. Kg2 Kg7 31. Bb4 c5 32. Be1 Bd4 33. Ra7+ 1-0

[Event "Parma Province-ch"]
[Site "Salsomaggiore Terme"]
[Date "2016.03.19"]
[Round "3"]
[White "Cremonini, Stefano"]
[Black "Magri, Leonardo"]
[Result "0-1"]
[WhiteElo "1558"]
[BlackElo "1733"]
[PlyCount "83"]
[EventDate "2016.03.18"]
[EventType "swiss"]
[EventRounds "5"]
[EventCountry "ITA"]
[SourceTitle "EXT 2018"]
[Source "ChessBase"]
[SourceDate "2017.10.13"]
[SourceVersion "1"]
[SourceVersionDate "2017.10.13"]
[SourceQuality "1"]

1. d4 d5 2. Nf3 Bf5 3. e3 e6 4. c4 c6 5. Qb3 Qb6 6. Bd2 Bxb1 7. Rxb1 Nd7 8. Bd3 Ngf6 9. 0-0 g6 10. Rfc1 Bg7 11. cxd5 Nxd5 12. Qxb6 axb6 13. a3 0-0 14. e4 N5f6 15. Rc4 Rfd8 16. Rbc1 Nc5 17. dxc5 Rxd3 18. Bc3 b5 19. Rd4 Rxd4 20. Bxd4 Nxe4 21. Bxg7 Kxg7 22. Kf1 Rd8 23. Ke2 Rd5 24. b4 f5 25. Rc2 Kf6 26. h4 h6 27. Ke3 e5 28. g3 Ke6 29. Ng1 Nf6 30. Ne2 Ng4+ 31. Kf3 Rd3+ 32. Kg2 Nf6 33. Rc3 Rd2 34. Kf1 g5 35. Ke1 Ra2 36. Rd3 Ra1+ 37. Kd2 Nd5 38. Nc3 e4 39. Rd4 Ke5 40. Ne2 Ra2+ 41. Ke1 Rxe2+ 42. Kxe2 0-1